[Event "Taastrup Weekend B5 18th"]
[Site "Taastrup"]
[Date "2013.11.23"]
[Round "3"]
[White "Ahltorp, Erik"]
[Black "Nielsen, Jan"]
[Result "0-1"]
[WhiteElo "1279"]
[BlackElo "1304"]
[PlyCount "46"]
[EventDate "2013.11.22"]
[EventType "tourn"]
[EventRounds "5"]
[EventCountry "DEN"]
[SourceTitle "EXT 2025"]
[Source "ChessBase"]
[SourceDate "2024.10.14"]
[SourceVersion "1"]
[SourceVersionDate "2024.10.14"]
[SourceQuality "1"]

1. d4 d5 2. c4 dxc4 3. Nc3 c6 4. a4 Bd7 5. e4 b5 6. d5 b4 7. dxc6 Nxc6 8. Nd5 e6 9. Ne3 Nf6 10. Bxc4 Nxe4 11. Bd2 Qf6 12. f3 Qh4+ 13. g3 Nxg3 14. hxg3 Qxh1 15. Kf1 Bc5 16. Bc1 Rd8 17. f4 Nd4 18. Kf2 0-0 19. Qd3 Nf5 20. Bb3 Bc6 21. Qc2 Qg2+ 22. Ke1 Qxg1+ 23. Ke2 Nxe3 0-1